Pays où Fever de Dua Lipa et Angèle s'est classé - Statistiques

Statistiques générales
  • Ce quiz a été pris 133 fois
  • Le résultat moyen est 13 sur 20
Statistiques - réponses
Position dans les charts Pays % Correct
31 États Unis
100%
1 France
100%
79 Royaume Uni
97%
1 Belgique
94%
79 Canada
90%
85 Allemagne
88%
3 Suisse
82%
8 Pays Bas
76%
104 Portugal
76%
36 Irlande
71%
77 Russie
65%
18 Suède
63%
38 Grèce
53%
3 Hongrie
46%
18 Roumanie
46%
20 Croatie
44%
72 Slovaquie
40%
11 Nouvelle Zélande
33%
35 Lettonie
30%
39 Lituanie
30%
Aucun quiz correspondant
Distribution des résultats
% des personnes avec chaque résultat
Percentile par nombre de réponses
Votre historique - résultats
Vous n’avez pas pris ce quiz